Apertura : liberalización del comercio exterior en los paises en desarrollo / (Registro nro. 5560)

Detalles MARC
000 -LEADER
fixed length control field 01187nam a2200301Ia 4500
003 - CONTROL NUMBER IDENTIFIER
control field OSt
005 - DATE AND TIME OF LATEST TRANSACTION
control field 20200908161250.0
008 - FIXED-LENGTH DATA ELEMENTS--GENERAL INFORMATION
fixed length control field 191128s1991 ck gr 000 0 spa d
020 ## - INTERNATIONAL STANDARD BOOK NUMBER
International Standard Book Number 958653023X
040 ## - CATALOGING SOURCE
Original cataloging agency CO-JMCR
Transcribing agency CO-JMCR
041 0# - LANGUAGE CODE
Language code of text/sound track or separate title spa
082 04 - DEWEY DECIMAL CLASSIFICATION NUMBER
Classification number 382.098 /
Item number B213a
Edition number 23
110 2# - MAIN ENTRY--CORPORATE NAME
Corporate name or jurisdiction name as entry element Colombia. Banco Mundial
9 (RLIN) 9994
245 10 - TITLE STATEMENT
Title Apertura : liberalización del comercio exterior en los paises en desarrollo /
Statement of responsibility, etc. Banco Mundial ; traductor Gabriel Hernández Salame
260 ## - PUBLICATION, DISTRIBUTION, ETC.
Place of publication, distribution, etc. Bogotá :
Name of publisher, distributor, etc. Legis,
Date of publication, distribution, etc. 1991.
300 ## - PHYSICAL DESCRIPTION
Extent 64 páginas ;
Dimensions 20 cm.
490 0# - SERIES STATEMENT
Series statement Taller y foro
500 ## - GENERAL NOTE
General note Bibliografía: páginas 63-64
505 0# - FORMATTED CONTENTS NOTE
Formatted contents note ¿Cómo liberalizan los países? -- Caminos a la reforma -- Diseño y continuidad -- Liberalización… ¿a qué precio?
534 ## - ORIGINAL VERSION NOTE
Introductory phrase Openness : liberalization of foreign trade in developing countries
546 ## - LANGUAGE NOTE
Language note Traducido del inglés
650 24 - SUBJECT ADDED ENTRY--TOPICAL TERM
Topical term or geographic name entry element Liberalización económica
9 (RLIN) 9995
650 24 - SUBJECT ADDED ENTRY--TOPICAL TERM
Topical term or geographic name entry element Países en Desarrollo Países en Desarrollo
9 (RLIN) 9996
650 24 - SUBJECT ADDED ENTRY--TOPICAL TERM
Topical term or geographic name entry element Comercio exterior Países en Desarrollo
9 (RLIN) 9997
650 24 - SUBJECT ADDED ENTRY--TOPICAL TERM
Topical term or geographic name entry element Política económica
9 (RLIN) 9998
700 1# - ADDED ENTRY--PERSONAL NAME
Personal name Hernández Salame, Gabriel,
Relator term traductor
9 (RLIN) 9999
942 ## - ADDED ENTRY ELEMENTS (KOHA)
Source of classification or shelving scheme Dewey Decimal Classification
Koha item type Books
Existencias
Withdrawn status Lost status Source of classification or shelving scheme Materials specified (bound volume or other part) Damaged status Not for loan Home library Current library Shelving location Date acquired Source of acquisition Full call number Barcode Date last seen Copy number Price effective from Koha item type
    Dewey Decimal Classification Donación--15/04/2018--     Biblioteca Pública José María del Castillo y Rada Biblioteca Pública José María del Castillo y Rada General Stacks 11/28/2019 Donación 382.098 / B213a 430002165 05/16/2024 Ej.1 11/28/2019 Books